000 00469 a2200133 4500
005 20250610135217.0
020 _a9789976780901
082 _a650.336 NBA
111 _aNational Board of Accountants and Auditors
245 _aElements of Commercial Knowledge Mnagement Practices and Taxation
260 _aDar Es Salaam
_bNational Board of Commercial Knowledge, Management Practices and Taxation
_c2019
300 _aviii,274p.:ill.;tables
_bIndex
_c29cm
942 _2ddc
_cBKS
999 _c3626
_d3626